[Event "AUS-ch Seniors"]
[Site "Melbourne"]
[Date "2002.01.09"]
[Round "11"]
[White "Sandler, Veniamin"]
[Black "Bergmanis, Olgerts"]
[Result "1/2-1/2"]
[WhiteElo "1593"]
[BlackElo "1792"]
[PlyCount "32"]
[EventDate "2001.12.28"]
[EventType "swiss"]
[EventRounds "11"]
[EventCountry "AUS"]
[SourceTitle "EXT 2003"]
[Source "ChessBase"]
[SourceDate "2002.11.25"]
[SourceVersion "1"]
[SourceVersionDate "2002.11.25"]
[SourceQuality "1"]

1. d4 Nf6 2. Bg5 d6 3. e3 b6 4. Nf3 Bb7 5. g3 Nbd7 6. Bg2 h6 7. Bxf6 Nxf6 8. 0-0 e6 9. e4 Be7 10. Nc3 0-0 11. Rc1 c5 12. dxc5 dxc5 13. Qxd8 Rfxd8 14. Rfd1 Nxe4 15. Nxe4 Bxe4 16. Ne1 Bxg2 1/2-1/2

[Event "AUS-ch Seniors"]
[Site "Melbourne"]
[Date "2002.01.07"]
[Round "9"]
[White "Sandler, Veniamin"]
[Black "Meydan, Arie"]
[Result "1/2-1/2"]
[WhiteElo "1593"]
[BlackElo "1804"]
[PlyCount "79"]
[EventDate "2001.12.28"]
[EventType "swiss"]
[EventRounds "11"]
[EventCountry "AUS"]
[SourceTitle "EXT 2003"]
[Source "ChessBase"]
[SourceDate "2002.11.25"]
[SourceVersion "1"]
[SourceVersionDate "2002.11.25"]
[SourceQuality "1"]

1. d4 Nf6 2. Nf3 g6 3. Bg5 Bg7 4. e3 d6 5. Bd3 0-0 6. 0-0 Nbd7 7. Nbd2 c5 8. c3 b6 9. Rc1 Bb7 10. e4 e5 11. a4 h6 12. Bh4 Qe7 13. h3 Kh7 14. Nh2 Rg8 15. d5 Nf8 16. Bg3 g5 17. Qe2 Bc8 18. b4 Ng6 19. Ba6 Nf4 20. Bxf4 Bxa6 21. Qxa6 exf4 22. Qd3 Kh8 23. Qe2 Nd7 24. Nc4 Be5 25. Ng4 Rg6 26. Ncxe5 Nxe5 27. Nxe5 Qxe5 28. f3 h5 29. Kf2 Kg7 30. bxc5 bxc5 31. Rb1 Qe7 32. c4 g4 33. Qb2+ f6 34. hxg4 hxg4 35. Rh1 Rg8 36. Rh4 Kf7 37. Rh7+ R8g7 38. Rxg7+ Rxg7 39. Qb8 Kg6 40. Rh1 1/2-1/2

[Event "AUS-ch Seniors"]
[Site "Melbourne"]
[Date "2001.12.30"]
[Round "3"]
[White "Sandler, Veniamin"]
[Black "Kable, John Richard"]
[Result "1-0"]
[WhiteElo "1593"]
[BlackElo "1548"]
[PlyCount "98"]
[EventDate "2001.12.28"]
[EventType "swiss"]
[EventRounds "11"]
[EventCountry "AUS"]
[SourceTitle "EXT 2003"]
[Source "ChessBase"]
[SourceDate "2002.11.25"]
[SourceVersion "1"]
[SourceVersionDate "2002.11.25"]
[SourceQuality "1"]

1. d4 Nf6 2. e3 g6 3. Bc4 Bg7 4. Nf3 0-0 5. 0-0 d5 6. Bd3 c5 7. c3 Nbd7 8. Nbd2 Re8 9. Ne5 Nxe5 10. dxe5 Ng4 11. Nf3 Nxe5 12. Nxe5 Bxe5 13. f4 Bg7 14. Bd2 d4 15. Qc2 Qb6 16. f5 g5 17. Rf3 Qf6 18. e4 Bd7 19. Re1 c4 20. Bxc4 dxc3 21. bxc3 Rac8 22. Qb3 b5 23. Bd3 Qb6+ 24. Kh1 Qa5 25. Bb1 Rc4 26. Rg3 h6 27. Bd3 Ra4 28. Bb1 Rc4 29. h4 Be5 30. Rf3 Rec8 31. hxg5 hxg5 32. Rh3 Bxc3 33. Qd1 Bxf5 34. Rxc3 Rd8 35. Rd3 b4 36. Rxd8+ Qxd8 37. exf5 Rd4 38. Re2 Rh4+ 39. Kg1 Qd4+ 40. Re3 a5 41. Qe2 g4 42. Be1 Rh6 43. Be4 a4 44. Bg3 b3 45. axb3 axb3 46. Qd3 Qa7 47. Be5 f6 48. Bg3 b2 49. Bf2 g3 1-0

[Event "AUS-ch Seniors"]
[Site "Melbourne"]
[Date "2001.12.29"]
[Round "2"]
[White "Flude, David A"]
[Black "Sandler, Veniamin"]
[Result "1/2-1/2"]
[WhiteElo "1749"]
[BlackElo "1593"]
[PlyCount "61"]
[EventDate "2001.12.28"]
[EventType "swiss"]
[EventRounds "11"]
[EventCountry "AUS"]
[SourceTitle "EXT 2003"]
[Source "ChessBase"]
[SourceDate "2002.11.25"]
[SourceVersion "1"]
[SourceVersionDate "2002.11.25"]
[SourceQuality "1"]

1. d4 Nf6 2. Nc3 e6 3. e4 d6 4. Bd3 b6 5. Qe2 a5 6. Nf3 Ba6 7. Bxa6 Nxa6 8. 0-0 Be7 9. e5 Nd7 10. d5 dxe5 11. dxe6 fxe6 12. Nxe5 Nxe5 13. Qxe5 0-0 14. Qxe6+ Kh8 15. Be3 Qd6 16. Qxd6 Bxd6 17. Nb5 Be5 18. c3 h6 19. g3 Rae8 20. Rad1 Rf7 21. Rd2 Kh7 22. Rfd1 Ree7 23. Nd4 Nb8 24. Kg2 Bxd4 25. Bxd4 Nc6 26. Kf1 Rf8 27. c4 Rff7 28. Bc3 h5 29. h4 a4 30. Kg2 a3 31. b3 1/2-1/2